| 000 | 00525nam a2200169Ia 4500 | ||
|---|---|---|---|
| 008 | 220216s9999 xx 000 0 und d | ||
| 100 | _aJacob J | ||
| 245 | 0 | _aImpact of the tropical cyclone Ockhi on rubber cultivation in Kanyakumari and vulnerability of rubber plantations in cyclone prone areas | |
| 260 |
_bRubber Science _c2017 |
||
| 300 | _a201-207 | ||
| 650 | _aGlobal warming | ||
| 650 | _aKanyakumari | ||
| 650 | _aOckhi | ||
| 650 | _aRubber cultivation 5tropical cyclone | ||
| 700 | _aPradeep B | ||
| 942 | _cBS | ||
| 999 |
_c49470 _d49470 |
||